| 000 | 00726nam a2200169 i 4500 | ||
|---|---|---|---|
| 001 | 168754 | ||
| 003 | ES-MaACL | ||
| 005 | 20230906213858.0 | ||
| 008 | 080602s1910 sp |||| | spa d | ||
| 100 | 1 |
_aLabra y Martínez, Rafael María de, _dn. 1886 _969276 |
|
| 245 | 1 | 0 |
_aCuba como país de inmigración _b: memoria [dedicada al Congreso de Emigración que celebró sus sesiones en Santiago de Galicia en Septiembre de 1909] / _cRafael Mª de Labra y Martínez. |
| 260 |
_aMadrid : _b[s.n.], _c1910 ( _fTip. de Alfredo Alonso) |
||
| 300 |
_a47 p. ; _c22 cm. |
||
| 651 | 4 |
_aCuba- _xInmigración. _98109 |
|
| 852 | 1 |
_aBA _jT-1217-F-8 _z.- Enc. en un vol. facticio conservando la cub. original |
|
| 999 |
_c168754 _d168754 |
||